| 000 | 00582nam a2200193 i 4500 | ||
|---|---|---|---|
| 001 | 57552 | ||
| 003 | ES-MaACL | ||
| 007 | t| | ||
| 008 | 031016s1953 sp ||||1| spa d | ||
| 100 | 1 |
_aDomínguez Barbera, Martín. _945190 |
|
| 245 | 1 | 0 |
_aValencia / _cMartín Domínguez Barberá. |
| 250 | _a[1ª ed.]. | ||
| 260 |
_aBarcelona : _bNoguer, _c[1953] ( _fVélez) |
||
| 300 |
_a32 p., 20 lám. ; _c19 cm. |
||
| 490 | 1 | _aGuías de la España, andar y ver | |
| 830 | 0 |
_aGuías de la España, andar y ver _9182614 |
|
| 852 |
_aES-MaACL _jC-7402 _bR.35955 |
||
| 999 |
_c57552 _d57552 |
||